000 00291nam a22001337a 4500
008 181001b xxu||||| |||| 00| 0 eng d
020 _a070537135
041 _aeng
080 _25 ED
_a541
100 _a12
101 _aKIM
245 _aCollege Chemistry
_cDaniel.SCH
942 _2udc
_cBK
999 _c48707
_d48707